000 00260nam a22001097a 4500
008 210707s1961 xx 000 0 und d
041 _aeng
082 _a052 NG
245 _aNational Geographic
260 _bNational Geographic
_c1961
650 _aGeneralities
999 _c179155
_d179155